000 00864nam a2200265Ia 4500
003 OSt
005 20221005084035.0
006 a|||||r|||| 00| 0
007 ta
008 221004b |||||||| |||| 00| 0 eng d
020 _a9780470105290 (hbk)
_c995
024 _a102836
037 _b148, 20/02/2010, Standard Book House
_cTextual
040 _aCRL
_cCRL
_beng
041 _2eng
_aeng
082 _aV73:19(X).P1, P8
100 _aSoderberg Nacy
_9613008
245 0 _aProsperity agenda
_b What the world wants from America and what we need in return
260 _aNew Jersey
_bJohn Wiley & Sons USA
_c2008
300 _axi,260p.
_ccm.
650 _aHISTORY
700 _a Katulis Brian
_9613009
942 _hV73:19(X).P1, P8
_cTEXL
_2cc
999 _c991958
_d991958